Reductions to - 1 matching polyhedra

Na minha lista:
Detalhes bibliográficos
Formato: Livro
Idioma:inglês
Publicado em: Bonn Institut für Ökonometrie und Operations Research 1982
Colecção:Report no. 82238 - OR
Tags: Adicionar Tag
Sem tags, seja o primeiro a adicionar uma tag!

MARC

LEADER 00000nam a2200000 4500
001 c129358
005 20181203150427.0
041 0 |a eng 
044 |a DE 
245 1 0 |a Reductions to - 1 matching polyhedra 
264 1 |a Bonn  |b Institut für Ökonometrie und Operations Research  |c 1982 
300 |a 37 s. 
490 1 |a Report  |v no. 82238 - OR 
830 0 |a Report  |v no. 82238 - OR